| 000 | 01088 a2200241 4500 | ||
|---|---|---|---|
| 999 |
_c942 _d942 |
||
| 020 | _a9780495389507 | ||
| 020 | _a0495389501 | ||
| 050 | 0 | 0 | _aG128.HOB 2009 |
| 100 | 1 |
_aHobbs, Joseph J. _d1956- |
|
| 245 | 1 | 0 |
_aWorld regional geography / _cJoseph J. Hobbs ; cartography by Andrew Dolan. |
| 264 |
_aNew york: _bCengage learning., _c2009 |
||
| 300 |
_a1 v. (various pagings) : _bcol. ill., col. maps ; |
||
| 500 | _aRev. ed. of: Essentials of world regional geography. 5th ed. c2006. | ||
| 500 | _aIncludes index. | ||
| 650 | 0 | _aGeography | |
| 700 | 1 |
_aHobbs, Joseph J. _q(Joseph John), _d1956- _tEssentials of world regional geography. |
|
| 856 | 4 | 1 |
_3Table of contents only _uhttp://www.loc.gov/catdir/enhancements/fy1104/2007939467-t.html |
| 856 | 4 | 2 |
_3Contributor biographical information _uhttp://www.loc.gov/catdir/enhancements/fy1104/2007939467-b.html |
| 856 | 4 | 2 |
_3Publisher description _uhttp://www.loc.gov/catdir/enhancements/fy1104/2007939467-d.html |
| 942 |
_2lcc _cBK _h128 _iHOB _kG |
||